Film che iniziano per W-X-Y-Z - Statistics

Statistiche generali
  • Questo quiz è stato fatto 69 volte
  • Il punteggio medio è 11 su 21
Statistiche sulle risposte
Descrizione Film % Corretto
Una formica operaia, stanca della sua vita monotona, si ritrova coinvolta in una lotta per la libertà e l'autodeterminazione delle formiche. Z la formica
98%
In un futuro in cui la Terra è ormai un pianeta desolato e ricoperto di spazzatura, un robottino addetto alle pulizie scopre una pianta verde. Wall-E
83%
Un gruppo di Mutanti guidati da un professore, affrontano la minaccia di un malvagio nemico. X- Men
81%
Un lupo bianco e un uomo diventano amici e alleati, e insieme affrontano avventure e pericoli. Zanna Bianca - Un piccolo grande lupo
78%
In una città abitata da animali di ogni specie, una coniglietta poliziotta indaga su un caso complicato per dimostrare ai colleghi quanto vale. Zootropolis
76%
Un giovane cioccolataio giunge in una nuova città con l'intenzione di aprire un negozio dove produrre e vendere la propria cioccolata. Wonka
72%
Un simpatico orsetto di pezza, insieme ai suoi amici, apre un concorso per trovare una nuova coda al loro amico asinello. Winnie The Pooh - Nuove avventure nel Bosco dei 100 Acri
69%
Un giornalista, un investigatore e un vignettista decifrano i codici e i messaggi inviati alla stampa da un serial killer che terrorizza San Francisco. Zodiac
64%
Quattro superstiti a un terribile contagio,si rifugiano in un centro commerciale: dovranno vedersela con un'orda di morti viventi e con dei teppisti. Zombi
62%
Un ventenne orfano si guadagna da vivere facendo le pulizie al MIT, un giorno sfida un docente e scopre di avere capacità matematiche straordinarie. Will Hunting - Genio Ribelle
57%
Un famoso supermodello si vede "scippare" il premio di "Modello Maschile dell'Anno" dal nuovo idolo delle passerelle. Zoolander
57%
La storia dell'amicizia tra due streghe e le circostanze che portano una di loro a diventare la controversa figura che conosciamo nel classico "Il Mago di Oz". Wicked
52%
Un giovane, deciso a diventare il batterista più bravo che ci sia, si iscrive a un conservatorio di musica dove incontra un esigente e manipolativo insegnate. Whiplash
48%
Un ex investigatore delle Nazioni Unite viene chiamato a indagare riguardo un'epidemia globale di zombie che minaccia di distruggere l'umanità. World War Z
43%
Due ottantenni, all'interno di un lussuoso resort, riflettono sull'unica cosa che per loro si sta esaurendo: i loro anni di gioventù. Youth - La giovinezza
41%
Una principessa delle Amazzoni incontra un pilota precipitato sull'isola remota in cui è cresciuta, e scopre l'esistenza della Prima Guerra Mondiale. Wonder Woman
38%
La storia d'amore tra una ragazzo e una ragazza inasprisce ancora di più l'ostilità tra le bande rivali a cui appartengono. West Side Story
34%
Quattro giovani ambiziosi e benestanti, appartenenti alla Milano degli anni '80, cercano di affermarsi nel mondo del lavoro e della vita sociale. Yuppies - i giovani di successo
28%
Al protagonista, isolatosi in Giappone, viene offerto di diventare mortale. Si ritrova poi in conflitto con un clan di ninja e la potente Viper. Wolverine - L'immortale
22%
Le vite di due liceali si intrecciano misteriosamente, dando vita a un legame speciale che sfida il tempo, lo spazio e perfino i disastri naturali. Your Name
5%
Un uomo ha la capacità di adattarsi fisicamente e psicologicamente a chiunque lo circondi. La dott.ssa Fletcher lo aiuta a trovare la sua identità. Zelig
3%
Nessun quiz corrispondente trovato
Distribuzione punteggi
Percentuale di utenti per punteggio
Percentile per numero di risposta
I tuoi punteggi nel tempo
Non hai fatto questo quiz